Dynamics of the woody vegetation of two areas of Cerrado sensu stricto located on different substrates (Registro n. 330775)
[ somente texto ]
| 000 -LÍDER | |
|---|---|
| fixed length control field | 03658nab a2200301 i 4500 |
| 003 - CÓDIGO MARC DA AGÊNCIA CATALOGADORA | |
| Campo de controle | BR-BrBNA |
| 005 - DATA E HORA DA ÚLTIMA ATUALIZAÇÃO | |
| Campo de controle | 20250402073316.0 |
| 008 - CAMPO DE TAMANHO FIXO | |
| fixed length control field | 250401b2016 bl.qr|pooa||| 00| 0 eng | |
| 040 ## - FONTE DA CATALOGAÇÃO | |
| Agência catalogadora | BR-BrBNA |
| Idioma da catalogação | eng |
| 072 ## - CATEGORIA AGRIS | |
| Código AGRIS | F70 |
| 072 ## - CATEGORIA AGRIS | |
| Código AGRIS | F04 |
| 100 ## - ENTRADA PRINCIPAL - NOME PESSOAL | |
| Nome pessoal | Gomes, Letícia |
| 100 ## - ENTRADA PRINCIPAL - NOME PESSOAL | |
| Nome pessoal | Maracahipes, Leandro |
| 100 ## - ENTRADA PRINCIPAL - NOME PESSOAL | |
| Nome pessoal | Reis, Simone Matias |
| 100 ## - ENTRADA PRINCIPAL - NOME PESSOAL | |
| Nome pessoal | Marimon, Beatriz Schwantes |
| 100 ## - ENTRADA PRINCIPAL - NOME PESSOAL | |
| Nome pessoal | Marimon-Junior, Ben Hur |
| 100 ## - ENTRADA PRINCIPAL - NOME PESSOAL | |
| Nome pessoal | Lenza, Eddie |
| 245 ## - TÍTULO PRINCIPAL | |
| Título principal | Dynamics of the woody vegetation of two areas of Cerrado sensu stricto located on different substrates |
| 500 ## - NOTA GERAL | |
| Nota geral | Publicação on-line; 40 ref.; 4 tables; 3 illus.; Summaries (En, Pt) |
| 942 ## - ADDED ENTRY ELEMENTS (KOHA) | |
| Koha item type | Analítica |
| 520 ## - NOTA DE RESUMO | |
| Nota de conteúdo | <br/><br/>Abstract<br/><br/>Differences in substrates can provoke distinct responses in the dynamics of a plant community. We compared<br/>changes the floristic, structural and dynamic parameters of the woody vegetation between burned sites dominated<br/>by cerrado típico (CT) and cerrado rupestre (CR), which is characterized by the presence of rocky outcrops,<br/>over time. We set up 10 plots (20 m × 50 m) at each site. All individuals (diameter of ≥ 3 cm at 30 cm height<br/>above the ground) were identified in the two censuses (2009 and 2012) and measured (stem diameter), after an<br/>accidental fire in 2008. Changes in floristic parameters between the CT and CR were not significant. However,<br/>we found significant differences (p < 0.05) in structural and dynamic parameters, such as density (CT = 1,523;<br/>CR = 2,171 ind.ha-1), basal area (CT = 8.70; CR = 13.00 m2.ha-1), recruitment rates (CT = 24.35; CR = 15.14%year-1<br/>; p = 0.01), gain (CT = 8.58; CR= 3.58% year-1), and the loss rates of basal area (CT = 3.88; CR= 2.45%<br/>year-1). These differences emphasize the need for a differential evaluation of these sites for the development of<br/>effective conservation strategies.<br/><br/>Key words: changes, density, floristic, mortality, recruitment.<br/><br/><br/><br/><br/>Resumo<br/><br/>A diferença de substrato pode causar respostas distintas sobre a dinâmica da comunidade vegetal. O objetivo<br/>deste trabalho foi comparar os parâmetros florístico, estruturais e de dinâmica da vegetação entre áreas queimadas<br/>de cerrado típico (CT) e cerrado rupestre (CR) (presença de afloramentos rochosos) ao longo do tempo. Foram<br/>estabelecidas 10 parcelas (20 m × 50 m) em cada local. Todos os indivíduos com diâmetro ≥ 3 cm a 30 cm de<br/>altura acima do solo foram identificados e mediu-se o diâmetro do caule tanto em 2009 quanto em 2012, depois<br/>de uma queima acidental em 2008. As mudanças nos parâmetros florísticos não foram significativas entre o CT<br/>e CR. Entretanto, foram encontradas diferenças (p < 0,05) principalmente com relação aos parâmetros estruturais<br/>e de dinâmica, como densidade (CT = 1.523; CR = 2.171 ind.ha-1), área basal (CT = 8,70; CR = 13,00 m2.ha-1),<br/>taxa de recrutamento (CT = 24,35; CR= 15,14% ano-1; p = 0,01), ganho (CT = 8,58; CR= 3,58% ano-1; p = 0,02)<br/>e perda em área basal (CT = 3,88; CR= 2,45% ano-1). Essas diferenças enfatizam a necessidade de avaliar de<br/>forma diferenciada essas fisionomias para criação de futuras estratégias de conservação.<br/><br/>Palavras-chave: mudanças, densidade, florística, mortalidade, recrutamento.<br/> |
| 650 ## - ASSUNTO - THESAGRO | |
| Cabeçalho tópico ou nome geográfico | COMPOSIÇÃO BOTÂNICA |
| 650 ## - ASSUNTO - THESAGRO | |
| Cabeçalho tópico ou nome geográfico | MORTALIDADE |
| 650 ## - ASSUNTO - THESAGRO | |
| Cabeçalho tópico ou nome geográfico | CERRADO |
| 773 0# - ENTRADA ANALÍTICA | |
| Host Biblionumber | 709 |
| Registro do item | 349653 |
| Imprenta | Rio de Janeiro-RJ Jardim Botanico do Rio de Janeiro 1935 |
| Outro identificador | 2025-2173 |
| Título | Rodriguésia (Brazil) |
| ISSN | 0370-6583; 2175-7860 on-line |
| Colação | v. 67(4) p. 859-870;(2016) |
| Número de controle de registro | BR2025000214 |
| 856 ## - ACESSO E ENDEREÇO ELETRÔNICO | |
| Identificador uniforme de recurso - URI | https://www.scielo.br/j/rod/a/CFC3btxtVsZD8wWyhJMGMJs/?format=pdf&lang=en |
Nenhum exemplar disponível.

BINAGRI